Taxation of Digitalised Companies in the European Union

Bibliographic Details
Main Author: Nell, Robert
Format: Book
Language:English
Published: Bruselas: Lambert Academic Publishing, 2019
Subjects:
Online Access:Acceso restringido

MARC

LEADER 00000nam a22000007a 4500
005 20190919222416.0
007 cr|||| ||||
008 190919s2019 eu |||||r|||| 00||0 eng d
020 |a 9786200239006 
035 |a 29458 
040 |a vLex 
090 |c 9595  |d 9595 
100 1 |a Nell, Robert 
245 1 0 |a Taxation of Digitalised Companies in the European Union  |h [Recurso electrn̤ico] /  |c Robert Nell 
256 |a Servicio en ln̕ea 
260 |a Bruselas:  |b Lambert Academic Publishing,  |c 2019 
300 |a 1 recurso electrn̤ico 
500 |a The aim of this work is to highlight some key tax challenges and opportunities faced by the digitalised firms in the European Union. The business models used by most of these firms can play a crucial role in the development and implementation of new taxation rules. The Permanent Establishment concept is likewise a very important notion to determine where to tax a company. Defining accurately this concept remains one of the biggest challenges for the involved jurisdictions and legal entities. Moreover, fairness in taxation remains very controversial as there are always winners but losers too at the end. For this purpose, the Organisation for Economic Co-operation and Development (OECD) and the EU are working on these various issues caused by digitalisation. The OECD has developed 15 Actions to tackle Base Erosion and Profit Shifting. The European Commission has proposed an interim measure for the short term, a 3% tax on digital revenues, and a long term solution, a more comprehensive corporate tax framework. However, many criticisms resulted from these proposals, and more specifically from American multinationals who consider the interim measure as unfair and discriminatory. 
506 1 |a Disponible solo en los productos indicados  |d vLex Global  |d vLex Global (Academic Edition, excluding Law Schools)  |d vLex Global (U.S. Academic Edition, Law Schools)  |d vLex Global (U.S. Academic Edition, excluding Law Schools)  |d vLex Global (Academic Edition, Law Schools) 
650 0 4 |a Derecho Fiscal  |z Unin̤ Europea 
740 0 |a vLex Libros (Servicio en ln̕ea) 
856 4 0 |u http://vlex.com/source/29458  |z Acceso restringido 
942 |c BOOK 
999 0 |a Tax Law